<The> Relationship Between Contingency and Organizational Faktors and Its Influences on Effectiveness kandidátska dizertačná práca

Guardado en:
Detalles Bibliográficos
Autor principal: Zakaria, Muttlak Al-Douri
Autor Corporativo: Vysoká škola ekonomická v Bratislave
Otros Autores: Zabák, Zoltán
Formato: Libro
Lenguaje:inglés
Publicado: Bratislava 1991
Materias:
Etiquetas: Agregar Etiqueta
Sin Etiquetas, Sea el primero en etiquetar este registro!

MARC

LEADER 00000nam a2200000 4500
001 c002103
005 20221214094742.5
041 0 |a eng 
044 |a SK 
245 1 0 |a <The> Relationship Between Contingency and Organizational Faktors and Its Influences on Effectiveness  |b kandidátska dizertačná práca  |c Muttlak Al-Douri Zakaria ; Škol. Zoltán Zabák 
264 1 |a Bratislava  |c 1991 
300 |a 139 s. 
610 2 0 |a organizácie 
610 2 0 |a podnik 
610 2 0 |a efektívnosť 
610 2 0 |a štruktúra podniku organizačná 
610 2 0 |a riadenie podnikové 
610 2 0 |a komunikácia 
610 2 0 |a vedenie 
610 2 0 |a špecializácia práce 
610 2 0 |a centralizácia 
610 2 0 |a simulácia stochastická 
100 1 |a Zakaria, Muttlak Al-Douri 
700 1 |a Zabák, Zoltán 
710 2 |a Vysoká škola ekonomická v Bratislave